| 000 | 00593cam a22002411 4500 | ||
|---|---|---|---|
| 001 | sa 66003634 | ||
| 003 | DLC | ||
| 005 | 20260227112237.0 | ||
| 008 | 890913s1964 ii 000 0 orio | ||
| 010 | _asa 66003634 | ||
| 035 | _a(OCoLC)20337756 | ||
| 040 |
_aDLC _cWaU _dDLC |
||
| 042 | _apremarc | ||
| 043 | _aa-ii--- | ||
| 050 | 0 | 0 |
_aPK2579.S45 _bB5 |
| 100 | 1 | _aSiṃha, Jagabandhu. | |
| 245 | 1 | 0 | _aBhārata caritāmr̥ta. |
| 260 | _c[1964] | ||
| 300 |
_a2 v. _c23 cm. |
||
| 500 | _aIn Oriya. | ||
| 610 | 2 | 0 |
_aIndian National Congress _vPoetry. |
| 651 | 0 |
_aIndia _xHistory _vPoetry. |
|
| 999 |
_c69019 _d69019 |
||